[Event "Hannover Bezirks-ch B"]
[Site "Lehrte"]
[Date "2019.10.04"]
[Round "4.10"]
[White "Daehn, Patrick"]
[Black "Minde, Frank"]
[Result "0-1"]
[WhiteElo "1533"]
[BlackElo "1745"]
[PlyCount "46"]
[EventDate "2019.10.03"]
[EventType "swiss"]
[EventRounds "7"]
[EventCountry "GER"]
[SourceTitle "EXT 2023"]
[Source "ChessBase"]
[SourceDate "2022.10.05"]
[SourceVersion "1"]
[SourceVersionDate "2022.10.05"]
[SourceQuality "1"]

1. e4 e6 2. f4 d5 3. exd5 exd5 4. Nf3 Bd6 5. d4 Nf6 6. Bd3 0-0 7. 0-0 c5 8. c3 Nc6 9. Ne5 Qb6 10. Nxc6 bxc6 11. Rf2 Re8 12. Nd2 cxd4 13. cxd4 Qxd4 14. Nb3 Qb6 15. Bd2 Ng4 16. Qf3 Nxf2 17. Qxf2 Qxf2+ 18. Kxf2 c5 19. Bc2 Ba6 20. Re1 Rxe1 21. Bxe1 Re8 22. Bd1 Bxf4 23. Nxc5 Be3+ 0-1

[Event "Hannover-chB"]
[Site "Lehrte"]
[Date "2011.10.15"]
[Round "1"]
[White "Frese, Immo"]
[Black "Minde, Frank"]
[Result "1/2-1/2"]
[WhiteElo "1678"]
[BlackElo "1774"]
[PlyCount "47"]
[EventDate "2011.10.15"]
[EventType "swiss"]
[EventRounds "7"]
[EventCountry "GER"]
[SourceTitle "EXT 2021"]
[Source "ChessBase"]
[SourceDate "2020.10.23"]
[SourceVersion "1"]
[SourceVersionDate "2020.10.23"]
[SourceQuality "1"]

1. d4 Nf6 2. c4 c5 3. d5 g6 4. Nc3 d6 5. e4 Bg7 6. Nf3 e6 7. Bd3 exd5 8. exd5 0-0 9. 0-0 Bg4 10. h3 Bxf3 11. Qxf3 Nfd7 12. Bf4 Ne5 13. Qd1 a6 14. Qd2 Nbd7 15. Rfe1 Qc7 16. Rad1 b5 17. cxb5 c4 18. Bf1 axb5 19. Nxb5 Qb6 20. Nc3 Nd3 21. Bxd3 cxd3 22. Qxd3 Qxb2 23. Ne4 Ne5 24. Qd2 1/2-1/2

[Event "Mecklenburg VP LL2 West 0102"]
[Site "Mecklenburg VP"]
[Date "2002.02.03"]
[Round "5.4"]
[White "Kniazev, Boris"]
[Black "Minde, Frank"]
[Result "1-0"]
[WhiteElo "1972"]
[BlackElo "1826"]
[PlyCount "55"]
[EventDate "2001.10.07"]
[EventType "team-tourn"]
[EventRounds "9"]
[EventCountry "GER"]
[SourceTitle "EXT 2022"]
[Source "ChessBase"]
[SourceDate "2021.10.06"]
[SourceVersion "1"]
[SourceVersionDate "2021.10.06"]
[SourceQuality "1"]
[WhiteTeam "Schwerin SV Einheit II"]
[BlackTeam "Parchim SV Blau-Weiss 69"]
[WhiteTeamCountry "GER"]
[BlackTeamCountry "GER"]

1. d4 Nf6 2. c4 c5 3. d5 e6 4. Nc3 exd5 5. cxd5 d6 6. e4 g6 7. f4 Bg7 8. e5 dxe5 9. fxe5 Nfd7 10. e6 Nf6 11. Bb5+ Kf8 12. Qe2 Nxd5 13. Nxd5 Bxe6 14. Nf4 Bd7 15. Bxd7 Nxd7 16. Nf3 Qa5+ 17. Bd2 Qa4 18. 0-0 Re8 19. Qd3 Qc6 20. Bc3 Re4 21. Ng5 Bd4+ 22. Bxd4 cxd4 23. Nxe4 Qb6 24. Rad1 Qxb2 25. Qxd4 Qxd4+ 26. Rxd4 Ne5 27. Nd3 Nc6 28. Rd7 1-0